Unfair office of trading (Record no. 68624)
[ view plain ]
| 000 -LEADER | |
|---|---|
| fixed length control field | 01501cam a2200277 4500 |
| 001 - CONTROL NUMBER | |
| control field | ABS64641 |
| 008 - FIXED-LENGTH DATA ELEMENTS--GENERAL INFORMATION | |
| fixed length control field | 011022n2001 000 0 eng u |
| 035 ## - SYSTEM CONTROL NUMBER | |
| System control number | (Sirsi) u115234 |
| 100 ## - MAIN ENTRY--PERSONAL NAME | |
| Personal name | Davey, J |
| 245 ## - TITLE STATEMENT | |
| Title | Unfair office of trading |
| 260 ## - PUBLICATION, DISTRIBUTION, ETC. | |
| Date of publication, distribution, etc. | 2001 |
| 490 ## - SERIES STATEMENT | |
| Series statement | Property Week |
| Volume/sequential designation | 66(38) 21 September 2001, 12-13(2) |
| 520 ## - SUMMARY, ETC. | |
| Summary, etc. | Presents arguments from property industry professionals against the Office of Fair Trading (OFT) whose actions have have resulted in property companies being charged fees for OFT looking into property transactions of over £70m. The property industry claims that deals of £70m do not create monopolies and OFT's approach is inconsistent as not all deals at this level are investigated. The interpretation of property as an 'entreprise' under the Fair Trading Act 1973 s63(2) enables OFT to look at mergers beyond corporate entities. Discusses how the British Property Foundation has been working to change OFT's regulations so fees are only payable if a full investigation is required and to amend the definition of 'entreprise' so property acquisitions are not included. |
| 590 ## - LOCAL NOTE (RLIN) | |
| Local note | ABS |
| 650 ## - SUBJECT ADDED ENTRY--TOPICAL TERM | |
| Topical term or geographic name entry element | OFT |
| 650 ## - SUBJECT ADDED ENTRY--TOPICAL TERM | |
| Topical term or geographic name entry element | FAIR TRADING ACT 1973 |
| 650 ## - SUBJECT ADDED ENTRY--TOPICAL TERM | |
| Topical term or geographic name entry element | MERGERS |
| 650 ## - SUBJECT ADDED ENTRY--TOPICAL TERM | |
| Topical term or geographic name entry element | PROPERTY INDUSTRY |
| 650 ## - SUBJECT ADDED ENTRY--TOPICAL TERM | |
| Topical term or geographic name entry element | PROPERTY INVESTMENT |
| 650 ## - SUBJECT ADDED ENTRY--TOPICAL TERM | |
| Topical term or geographic name entry element | OFT |
| 650 ## - SUBJECT ADDED ENTRY--TOPICAL TERM | |
| Topical term or geographic name entry element | PROPERTY DEALS |
| 650 ## - SUBJECT ADDED ENTRY--TOPICAL TERM | |
| Topical term or geographic name entry element | PROPERTY TRANSACTIONS |
| 650 ## - SUBJECT ADDED ENTRY--TOPICAL TERM | |
| Topical term or geographic name entry element | MONOPOLIES |
| 690 ## - LOCAL SUBJECT ADDED ENTRY--TOPICAL TERM (OCLC, RLIN) | |
| Topical term or geographic name as entry element | PROPERTY-COMMERCIAL PROPERTY-COMMERCIAL PROPERTY FINANCE AND INVESTMENT |
| 942 ## - ADDED ENTRY ELEMENTS (KOHA) | |
| Suppress in OPAC | 0 |
| Withdrawn status | Lost status | Source of classification or shelving scheme | Damaged status | Not for loan | Home library | Current library | Shelving location | Date acquired | Total Checkouts | Full call number | Barcode | Date last seen | Copy number | Price effective from | Koha item type |
|---|---|---|---|---|---|---|---|---|---|---|---|---|---|---|---|
| Dewey Decimal Classification | London | London | Journal article | 22/10/2001 | ABS64641 | 115234-1001 | 06/08/2019 | 1 | 06/08/2019 | Journal article |